000 00557nam a22002057a 4500
003 BUBTL
008 160502b xxu||||| |||| 00| 0 eng d
020 _a9788131531891
082 _a515 / St491c
100 _9629
_aStewart,James
245 _aCalculus :
_b Early Transcendentals /
_cJames Stewart
250 _a7th ed.
260 _aAndover :
_bCengage,
_cc2012.
300 _a1170 p. :
_c24 cm.
500 _aIncludes Index
650 0 _9124
_aMathematics
856 _k0
_l0
_yDownload
942 _2ddc
_cBK
999 _c6458
_d6458